LEADER 01078nam a2200265 i 4500 001 000000155661 003 CaOOAMICUS 005 20061116000000.0 008 061116s2006 it u000 u ita u 013 $a133015 020 $a88-307-1571-9 040 $aSeMil$bita 245 10$aOscar Romero :$bstoria, memoria, attualitą /$cMassimo De Giuseppe (a cura) 260 $aBologna :$bEMI,$ccopyr. 2006. 300 $a318 p. ;$c21 cm. 490 0 $aLa missione. Sez. Storica 600 14$aRomero, Óscar .$0(OLS)http://semarc/subject/16720 700 1 $aDe Giuseppe, Massimo.$0(OLS)http://semarc/name/44366 830 3$aLa missione. Sez. Storica.$0(OLS)http://semarc/title/9252 850 $aSeMil 852 $aSeMil$W1$xVenegono$y1$m3J III 309$j107492$B107492$CSeMilBibl$Z2$F117323 $81 961 $aOmaggio: Monti don Eros 996 $6020$a88-307-1571-9$9(OLS)http://semarc/number/145700 996 $6245$aOscar Romero :$bstoria, memoria, attualitą$9(OLS)http://semarc/title/228009 996 $6260$aBologna :$bEMI$9(OLS)http://semarc/publisher/29618 LEADER 01443nam a2200277 4500 001 000000365689 003 CaOOAMICUS 005 20251211151702.0 008 251210s2006 it 000 u ita r 020 $a88-495-0879-4 040 $aSeMil$bita 245 03$aLa Convenzione europea dei diritti dell'uomo e delle libertą fondamentali :$b[commentata ed annotata] /$c a cura di Claudio Defilippi, Debora Bosi, Rachel Harvey ; prefazione di Carlo Russo. 264 1$aNapoli [etc.] :$bEdizioni Scientifiche Italiane,$c2006. 300 $a884 p. ;$c24 cm 650 4$aConvenzione europea dei diritti dell'uomo <1950> - Applicazione.$0(OLS)http://semarc/subject/59195 700 1 $aDefilippi, Claudio,$d<1968- >.$0(OLS)http://semarc/name/123439 700 1 $aRusso, Carlo.$0(OLS)http://semarc/name/16390 700 1 $aHarvey, Rachel.$0(OLS)http://semarc/name/123441 700 1 $aBosi, Debora.$0(OLS)http://semarc/name/123440 850 $aSeMil 852 $aSeMil$W1$xVenegono$y1$m3L V 28$j265300$B256499$CSeMilBibl$Z2$F256499 $81 961 $aBuzzi mons. Franco - Omaggio 996 $6020$a88-495-0879-4$9(OLS)http://semarc/number/304922 996 $6245$aLa Convenzione europea dei diritti dell'uomo e delle libertą fondamentali :$b[commentata ed annotata]$9(OLS)http://semarc/title/457321 996 $6264$aNapoli [etc.] :$bEdizioni Scientifiche Italiane$9(OLS)http://semarc/publisher/31945